| 000 | 01107cad a22002415a 4500 | ||
|---|---|---|---|
| 001 | L147717 | ||
| 008 | 090608s2009 xxuado f s 000 0 eng d | ||
| 035 | _a(Sirsi) u147717 | ||
| 041 | 0 | _aeng | |
| 050 | 0 | 4 | _a333.33 $2 18 |
| 110 | 2 |
_aColliers CRE _95075 |
|
| 245 | 0 | 0 |
_aRating 2010 _bspring 2009 _h[electronic resource] |
| 260 |
_aLondon _bColliers CRE _c2009 |
||
| 490 | 0 |
_aColliers CRE Rating 2010 _vSpring 2009 |
|
| 520 | _aResearch paper on 2010 ratings. Analyses rating trends in property sectors and impacts on future rates liabilities. Discusses key property rental values for the industry, the retail and the office sectors and assesses prime rents between April 2003 and April 2008. Finds an increase in commercial property rental values during this period. | ||
| 521 | _aAdvanced | ||
| 590 | _aKA NTK | ||
| 650 | 2 | 4 | _aCOLLIERS CRE RATING 2010 |
| 651 | 4 |
_aUnited Kingdom _y |
|
| 690 | _aPROPERTY-COMMERCIAL PROPERTY-COMMERCIAL PROPERTY MARKET | ||
| 856 | 4 | 0 |
_uhttps://www.collierscre.com/marketReports/speciality.aspx _zView the report free of charge at www.collierscre.com... |
| 942 | _n0 | ||
| 999 |
_c109702 _d109702 |
||